000 00545nam a22001817a 4500
005 20220728101621.0
008 220728b ||||| |||| 00| 0 eng d
040 _cAL
041 _aEnglish
082 _223
_a320.95
_bKANI
100 _aAmolak Singh Kanva
_953742
245 _aInside Glimpses of Indian peace keeping force in Sri Lanka Part III
260 _aNew Delhi
_bExpo print and media Pvt ltd
_c1997
300 _a53 P.
_bPB
_c21x13.5 cm.
650 _aSri Lanka
_953743
700 _aKANVA (Amolak Singh)
_953744
942 _2ddc
_cGF
999 _c224254
_d224254